000
00259nam a2200097 a 4500
005
20201002052850.0
008
150812s2000 000 spa d
245
0
_a
Lengua espaƱola : nivel medio.
260
_a
Santo Domingo : Corripio,
_c
2000.
999
_c
45919
_d
45919
040
_a
DO-SdBNP